00654nam a22001577a 4500020002200000082001500022100002000037245007800057260004800135300000800183650001600191942000700207952014000214952012500354999001700479 a978-1-107-05185-0 a340.59 SAD aSadeghi, Behnam aThe Logic of Law Making in Islam: Women and Prayer in the Legal Tradition aNew DelhibCambridge University Pressc2013 a215 aIslamic Law cBK 00104070aHMIbHMIcGENd2017-12-06eKohinoor Book Distributorsg995.00l1o340.59 SADp25483r2022-09-08s2022-09-02w2018-01-04yBK 00104070aHMIbHMIcGENd2020-09-25eDas Gupta & Co (P) Ltdg1025.00l0o340.59 SADp25824r2020-09-25w2020-09-25yBK c20846d20846